Concubinage, race and law in early colonial Bengal: Bequeathing intimacy, servicing the empire (Record no. 394647)

MARC details
000 -LEADER
fixed length control field 00557 a2200193 4500
005 - DATE & TIME
control field 20260402142621.0
008 - FIXED-LENGTH DATA ELEMENTS--GENERAL INFORMATION
fixed length control field 260402b |||||||| |||| 00| 0 eng d
020 ## - ISBN
International Standard Book Number 9781032535555
Price Rs. 1295.00
040 ## - CATALOGING SOURCE
Original cataloging agency VIVEKANANDA LIBRARY
082 ## - DDC NUMBER
Classification number 306.84095414
Book Number S23C
100 ## - MAIN ENTRY--PERSONAL NAME
Personal name Sharma, Ruchika
245 ## - TITLE STATEMENT
Title Concubinage, race and law in early colonial Bengal: Bequeathing intimacy, servicing the empire
260 ## - PUBLICATION, DISTRIBUTION, ETC. (IMPRINT)
Name of publisher, distributor, etc Routledge
Date of publication, distribution, etc 2026
Place of publication, distribution, etc London
300 ## - PHYSICAL DESCRIPTION
Pages xvi, 192
650 ## - Subject
Subject Sociology
650 ## - Subject
Subject Marriage- India
650 ## - Subject
Subject Sexual Relations
942 ## - ADDED ENTRY ELEMENTS (KOHA)
Koha item type Books
Holdings
Withdrawn status Lost status Source of classification or shelving scheme Damaged status Not for loan Location (home branch) Sublocation or collection (holding branch) Shelving location Date acquired Koha issues (times borrowed) Koha full call number Accession No. Koha date last seen Koha item type
    Dewey Decimal Classification     VIVEKANANDA LIBRARY VIVEKANANDA LIBRARY Vivekananda Library 05/02/2026   306.84095414 S23C 438174 05/02/2026 Books
© Designed and Maintained by Vivekananda Library, MDU Rohtak